Statistiche per Primi 15 paesi interessati da Covid-19 - 16 febbraio 2022

Clicka qui per fare il quiz!

Statistiche generali

  • Questo quiz è stato fatto 13 volte
  • Il punteggio medio è 15 su 28

Statistiche sulle risposte

paese% Corretto
Francia
100%
Italia
100%
Russia
100%
Spagna
100%
Germania
92%
Portogallo
92%
Stati Uniti
92%
Polonia
85%
Brasile
77%
Regno Unito
77%
Argentina
69%
Belgio
54%
India
54%
Paesi Bassi
54%
Paesi Bassi
54%
Slovenia
46%
Danimarca
38%
Svizzera
38%
Turchia
38%
Colombia
31%
Israele
31%
Iran
23%
Cechia
8%
Estonia
8%
Georgia
8%
Lettonia
8%
Lituania
8%
Bahrain
0%

Distribuzione punteggi

Percentile per numero di risposta

Percentuale di utenti per punteggio

I tuoi punteggi nel tempo

Non hai fatto questo quiz